[Event "World Blitz 2023"]
[Site "Samarkand UZB"]
[Date "2023.12.29"]
[EventDate "2023.12.29"]
[Round "2.26"]
[Result "0-1"]
[White "Xiangyu Xu"]
[Black "Peter Svidler"]
[WhiteElo "2491"]
[BlackElo "2689"]
[PlyCount "66"]

1. d4 Nf6 2. c4 g6 3. Nc3 d5 4. Nf3 Bg7 5. cxd5 Nxd5 6. e4 Nxc3 7. bxc3 c5
8. h3 O-O 9. Be2 b5 10. O-O b4 11. Bb2 bxc3 12. Bxc3 Nc6 13. d5 Bxc3 14.
Rc1 Nd4 15. Rxc3 Qa5 16. Nxd4 Qxc3 17. Nc6 Re8 18. Bb5 Bd7 19. e5 Rab8 20.
Qe2 Bxc6 21. dxc6 Qa5 22. a4 Red8 23. e6 f6 24. h4 Qc7 25. h5 a6 26. hxg6
hxg6 27. Bd3 Kg7 28. Bxg6 Rh8 29. f4 Qxc6 30. Qg4 Kf8 31. Bf5 c4 32. Rd1
Qc5+ 33. Kf1 Rh1+ 0-1

[Event "World Blitz 2023"]
[Site "Samarkand UZB"]
[Date "2023.12.29"]
[EventDate "2023.12.29"]
[Round "2.27"]
[Result "1-0"]
[White "Anton Korobov"]
[Black "Kazybek Nogerbek"]
[WhiteElo "2649"]
[BlackElo "2488"]
[PlyCount "140"]

1. c4 e6 2. Nf3 Nf6 3. g3 a6 4. Bg2 b5 5. cxb5 axb5 6. Nd4 Ra5 7. O-O Be7
8. Nb3 Ra7 9. Nc3 b4 10. Nb5 Ra6 11. Qc2 c6 12. N5d4 O-O 13. d3 e5 14. Nf5
d6 15. Nxe7+ Qxe7 16. f4 Ng4 17. h3 Qa7+ 18. Kh1 Ne3 19. Bxe3 Qxe3 20. Rf3
Qa7 21. fxe5 dxe5 22. Qc5 Be6 23. Qxa7 Rxa7 24. Rff1 Rc8 25. Nc5 Bd5 26. a3
Bxg2+ 27. Kxg2 b3 28. Rab1 Nd7 29. Nxb3 Rb8 30. Nd2 h5 31. Nc4 Rb3 32. Rbc1
f6 33. Rc3 Rb8 34. b4 c5 35. bxc5 Rc8 36. Nb6 Rxc5 37. Rxc5 Nxc5 38. Rc1
Nb3 39. Rc3 Nd4 40. e3 Nb5 41. Rc8+ Kh7 42. a4 Nd6 43. Rc6 Nf5 44. Kf3 Ra6
45. g4 Ne7 46. Rd6 Kg6 47. Nc8 hxg4+ 48. hxg4 Rxd6 49. Nxd6 Nc6 50. Nc4 Nb4
51. a5 Kg5 52. Nd6 Kg6 53. d4 exd4 54. exd4 Kg5 55. Ne4+ Kh4 56. Nc5 Nc6
57. a6 Nxd4+ 58. Ke4 Nb5 59. Kf5 Kg3 60. Ne6 Nd6+ 61. Kg6 Nc8 62. Nxg7 Kxg4
63. Kxf6 Kf4 64. Ke6 Ke4 65. Kd7 Na7 66. Kd6 Kd4 67. Ne6+ Kc4 68. Kc7 Kd5
69. Kb7 Nb5 70. Nc7+ 1-0

[Event "World Blitz 2023"]
[Site "Samarkand UZB"]
[Date "2023.12.29"]
[EventDate "2023.12.29"]
[Round "2.28"]
[Result "1-0"]
[White "Laurent Fressinet"]
[Black "Grzegorz Nasuta"]
[WhiteElo "2636"]
[BlackElo "2467"]
[PlyCount "68"]

1. d4 d5 2. Nf3 Nf6 3. c4 c6 4. g3 Bf5 5. Nc3 e6 6. Qb3 Qb6 7. c5 Qxb3 8.
axb3 Be7 9. b4 O-O 10. Nh4 Be4 11. f3 Bc2 12. Kd2 Bg6 13. Nxg6 hxg6 14. f4
Na6 15. b5 cxb5 16. e3 b4 17. Na2 Ne4+ 18. Ke1 Naxc5 19. dxc5 Bxc5 20. Bd3
a5 21. Bxe4 dxe4 22. Bd2 Rfd8 23. Ke2 Rd5 24. Rad1 Rad8 25. Bc1 Kf8 26.
Rxd5 exd5 27. Rd1 Ke7 28. b3 a4 29. Bb2 b5 30. Bd4 Bxd4 31. Rxd4 axb3 32.
Nxb4 Ra8 33. Rd2 Ke6 34. Nxd5 b2 1-0

[Event "World Blitz 2023"]
[Site "Samarkand UZB"]
[Date "2023.12.29"]
[EventDate "2023.12.29"]
[Round "2.29"]
[Result "0-1"]
[White "Gallego Alcaraz, Andres Felipe"]
[Black "Rauf Mamedov"]
[WhiteElo "2384"]
[BlackElo "2635"]
[PlyCount "60"]

1. d4 Nf6 2. Nf3 g6 3. c4 d6 4. Nc3 Bf5 5. g3 Bg7 6. Bg2 O-O 7. O-O Nc6 8.
d5 Na5 9. b3 c5 10. Bb2 a6 11. Nd2 Bd7 12. Qc2 b5 13. e4 bxc4 14. bxc4 Rb8
15. Rab1 e6 16. Nd1 exd5 17. cxd5 h5 18. Ne3 h4 19. Ndc4 Nxc4 20. Nxc4 h3
21. Bh1 Rb4 22. Nxd6 Qe7 23. e5 Ng4 24. Qxc5 Rxb2 25. Rxb2 Bxe5 26. Rb6 Bb5
27. Re1 Bxg3 28. Be4 Bxf2+ 29. Qxf2 Nxf2 30. Kxf2 Qh4+ 0-1

[Event "World Blitz 2023"]
[Site "Samarkand UZB"]
[Date "2023.12.29"]
[EventDate "2023.12.29"]
[Round "2.30"]
[Result "1/2-1/2"]
[White "Shant Sargsyan"]
[Black "Mamikon Gharibyan"]
[WhiteElo "2633"]
[BlackElo "2444"]
[PlyCount "90"]

1. d4 Nf6 2. c4 e6 3. Nf3 d5 4. g3 Bb4+ 5. Bd2 a5 6. Bg2 O-O 7. Qc2 c5 8.
cxd5 cxd4 9. a3 Bxd2+ 10. Qxd2 exd5 11. Nxd4 Nc6 12. Nc3 Qb6 13. Nxc6 bxc6
14. O-O Rb8 15. Na4 Qb5 16. b3 Ba6 17. Rfe1 Qxb3 18. Qxa5 Bc4 19. Nc5 Qb5
20. Qxb5 Rxb5 21. Nd3 Re8 22. a4 Ra5 23. Nb4 c5 24. Nd3 g6 25. Kf1 Rea8 26.
Rac1 Rc8 27. Nb2 Ba6 28. Red1 Rb8 29. Nd3 Bxd3 30. Rxd3 c4 31. Rd4 Rb2 32.
Bf3 Kf8 33. h4 h5 34. Kg2 Rxa4 35. Bxd5 Nxd5 36. Rxd5 Rxe2 37. Rd4 Raa2 38.
Rf4 Rac2 39. Ra1 Re7 40. Ra8+ Re8 41. Ra7 Re7 42. Ra8+ Kg7 43. Rc8 c3 44.
Rf3 Rd7 45. Rcxc3 Rxc3 1/2-1/2

[Event "World Blitz 2023"]
[Site "Samarkand UZB"]
[Date "2023.12.29"]
[EventDate "2023.12.29"]
[Round "2.31"]
[Result "1-0"]
[White "Tigran L Petrosian"]
[Black "Subramaniyam H Bharath"]
[WhiteElo "2610"]
[BlackElo "2435"]
[PlyCount "58"]

1. Nf3 Nf6 2. g3 b6 3. Bg2 Bb7 4. d3 g6 5. e4 c5 6. e5 Ng4 7. Bf4 Bg7 8.
O-O Nc6 9. Re1 Nh6 10. c3 Nf5 11. g4 Bh6 12. Qd2 Bxf4 13. Qxf4 Ng7 14. Ng5
O-O 15. Nd2 Qc7 16. Qg3 h6 17. Ngf3 Ne6 18. Rac1 d6 19. d4 cxd4 20. cxd4 d5
21. Nf1 Qd7 22. Rcd1 Ba6 23. Ne3 Nb4 24. Qh4 Kh7 25. Nf5 gxf5 26. gxf5 Ng7
27. e6 fxe6 28. Ng5+ Kg8 29. Qxh6 1-0

[Event "World Blitz 2023"]
[Site "Samarkand UZB"]
[Date "2023.12.29"]
[EventDate "2023.12.29"]
[Round "2.32"]
[Result "0-1"]
[White "Venkataraman Karthik"]
[Black "Aleksey Dreev"]
[WhiteElo "2440"]
[BlackElo "2599"]
[PlyCount "128"]

1. c4 c6 2. Nf3 d5 3. e3 Nf6 4. Nc3 a6 5. h3 e6 6. d4 c5 7. cxd5 exd5 8.
Be2 Nc6 9. O-O Be6 10. b3 Be7 11. dxc5 Bxc5 12. Bb2 O-O 13. Rc1 Ba7 14. Na4
Qe7 15. Nd4 Bd7 16. Nxc6 Bxc6 17. Bd4 Bxa4 18. bxa4 Bxd4 19. Qxd4 Rfc8 20.
Qb2 h6 21. a5 Rc7 22. Rxc7 Qxc7 23. Rc1 Qd7 24. Qc2 Rd8 25. Bf3 Qb5 26. Qc7
Qd7 27. Rc2 g6 28. Qe5 Qd6 29. Qd4 Kg7 30. Rb2 Rc8 31. Rb6 Rc1+ 32. Bd1 Qe7
33. g3 Rc6 34. Bf3 Rxb6 35. Qxb6 Ne4 36. Kg2 Nf6 37. g4 Qd7 38. Qc5 Kg8 39.
Qd4 Qe6 40. Qf4 Kg7 41. h4 Ne4 42. Qc7 Nf6 43. Qc3 Kg8 44. Qd4 Ne4 45. a3
Nf6 46. Qf4 Kg7 47. Kg1 Ne4 48. Qc7 Qf6 49. Bxe4 dxe4 50. Qxb7 Qxh4 51.
Qxe4 Qh3 52. Qf4 h5 53. g5 Qe6 54. Qd4+ Kh7 55. f3 Qf5 56. Qf4 Qxf4 57.
exf4 Kg8 58. Kf2 f5 59. Ke3 Kf7 60. Kd4 Ke6 61. a4 Kd6 62. Ke3 Kc5 63. Kd3
Kd5 64. Ke3 0-1

[Event "World Blitz 2023"]
[Site "Samarkand UZB"]
[Date "2023.12.29"]
[EventDate "2023.12.29"]
[Round "2.33"]
[Result "1/2-1/2"]
[White "Mukhammadali Abdurakhmonov"]
[Black "Vasquez Schroeder, Rodrigo"]
[WhiteElo "2214"]
[BlackElo "2582"]
[PlyCount "118"]

1. d4 Nf6 2. Bg5 e6 3. e4 h6 4. Bxf6 Qxf6 5. Nf3 d6 6. e5 Qe7 7. Bd3 Nd7 8.
O-O dxe5 9. dxe5 g6 10. Re1 Bg7 11. Nbd2 Nc5 12. Bb5+ Bd7 13. Bxd7+ Nxd7
14. c3 O-O 15. Qc2 Rfd8 16. Rad1 a5 17. a4 Nb6 18. b3 Nd7 19. h4 Qc5 20.
Nc4 Nb6 21. Nxb6 Qxb6 22. Rxd8+ Rxd8 23. Rd1 Rd5 24. h5 Rxd1+ 25. Qxd1 gxh5
26. Qd8+ Bf8 27. Nd2 Qc6 28. c4 Qc5 29. Ne4 Qxe5 30. Nf6+ Kg7 31. Qxf8+
Kxf6 32. Qh8+ Kf5 33. Qh7+ Kg5 34. Qxf7 h4 35. Qg8+ Kf5 36. Qf7+ Kg5 37.
Qg8+ Kf5 38. Qf8+ Kg6 39. Qe8+ Kg5 40. Qd8+ Kh5 41. Qd1+ Kg5 42. Qd2+ Kg6
43. Qc2+ Kf6 44. Qd2 Kg6 45. Qd1 Qf4 46. Qe1 Kf6 47. Qc3+ e5 48. Qe1 b6 49.
Qd1 Ke7 50. Qe1 Qg5 51. Kh2 Qf4+ 52. Kh3 Kf6 53. Qd1 Qd4 54. Qf3+ Kg5 55.
Qc6 Qg4+ 56. Kh2 Qf4+ 57. Kg1 Qc1+ 58. Kh2 Qf4+ 59. Kg1 Qc1+ 1/2-1/2

[Event "World Blitz 2023"]
[Site "Samarkand UZB"]
[Date "2023.12.29"]
[EventDate "2023.12.29"]
[Round "2.34"]
[Result "0-1"]
[White "Ernur Amangeldy"]
[Black "David Paravyan"]
[WhiteElo "2144"]
[BlackElo "2566"]
[PlyCount "132"]

1. d4 d5 2. c4 dxc4 3. Nf3 Nf6 4. e3 e6 5. Bxc4 c5 6. O-O Nc6 7. dxc5 Qxd1
8. Rxd1 Bxc5 9. a3 a6 10. b4 Be7 11. Bb2 b5 12. Be2 O-O 13. Nbd2 Bb7 14.
Nb3 a5 15. bxa5 Nxa5 16. Nxa5 Rxa5 17. Bc3 Rxa3 18. Rxa3 Bxa3 19. Bxb5 Rc8
20. Bd4 Ne4 21. Ra1 Bd6 22. h3 Bd5 23. Bd3 f6 24. Rd1 Be7 25. Ba1 Nc3 26.
Bxc3 Rxc3 27. Kf1 Bb3 28. Rd2 Rc1+ 29. Ke2 Bb4 30. Nd4 Ba4 31. Nxe6 Bxd2
32. Kxd2 Rg1 33. g3 Bd7 34. Bc4 Bc8 35. h4 g6 36. Ke2 Rc1 37. Bd5 Kf7 38.
Nd4+ Kg7 39. Ne6+ Kf7 40. Nd4+ Ke7 41. Be4 Bg4+ 42. Bf3 Bd7 43. Be4 Kd6 44.
Kd2 Ra1 45. Ke2 Bg4+ 46. Bf3 Ra2+ 47. Ke1 Bd7 48. Be4 Be8 49. Bc2 h6 50.
Kd2 Ra5 51. Ke1 Ke5 52. Nf3+ Kd5 53. Bb3+ Ke4 54. Nd2+ Kd3 55. Bc4+ Kc3 56.
Be2 Ra1+ 57. Bd1 Ba4 58. Ne4+ Kb4 59. Nxf6 Bxd1 60. Kd2 Bf3 61. e4 Ra3 62.
e5 Kc5 63. g4 g5 64. h5 Bd5 65. Ke2 Be6 66. f3 Kd4 0-1

[Event "World Blitz 2023"]
[Site "Samarkand UZB"]
[Date "2023.12.29"]
[EventDate "2023.12.29"]
[Round "2.35"]
[Result "1/2-1/2"]
[White "Alisher Suleymenov"]
[Black "Denis Lazavik"]
[WhiteElo "2326"]
[BlackElo "2556"]
[PlyCount "156"]

1. d4 Nf6 2. c4 e6 3. Nf3 d5 4. g3 Be7 5. Bg2 O-O 6. O-O dxc4 7. Qa4 a6 8.
Qxc4 b5 9. Qc2 Bb7 10. Bd2 Be4 11. Qc1 c6 12. a4 Nbd7 13. Nc3 Bg6 14. Nh4
Bh5 15. h3 Rc8 16. axb5 cxb5 17. Qd1 b4 18. Na4 Nd5 19. g4 Bd6 20. Nf3 Bg6
21. Ng5 Nf4 22. Bxf4 Bxf4 23. Ne4 Bxe4 24. Bxe4 f5 25. gxf5 exf5 26. Bd5+
Kh8 27. e3 Bd6 28. Bg2 Qh4 29. Qf3 Rcd8 30. Rfc1 g5 31. Qc6 Nf6 32. Nc5 g4
33. Ne6 gxh3 34. Bf3 Rg8+ 35. Kf1 h2 36. Ke2 Rd7 37. Nc5 Bxc5 38. Rxc5 Ne4
39. Bxe4 Qxe4 40. Qxe4 fxe4 41. Rh1 Rg2 42. Kf1 Rdg7 43. Rc8+ Rg8 44. Rxg8+
Rxg8 45. Rxh2 Rc8 46. Rh4 Rc1+ 47. Kg2 Rc2 48. Rxe4 Rxb2 49. d5 Kg7 50. d6
Rd2 51. Rxb4 Rxd6 52. Ra4 h5 53. Kg3 Rg6+ 54. Kh3 Re6 55. Ra5 Kg6 56. Kg3
Kh6 57. Kf3 Rf6+ 58. Kg2 Rg6+ 59. Kh3 Re6 60. Kh4 Re4+ 61. Kg3 Re6 62. Ra3
Rg6+ 63. Kh3 Re6 64. f4 Kg6 65. Kg3 Kh6 66. Kf3 Rg6 67. f5 Rb6 68. Kf4 h4
69. e4 Kh5 70. Ke5 Rb5+ 71. Kf6 Rb6+ 72. Kf7 Rb7+ 73. Ke6 Rb6+ 74. Kd5 Kg5
75. Ke5 Rb5+ 76. Kd6 Rb6+ 77. Ke5 Rb5+ 78. Ke6 1/2-1/2

[Event "World Blitz 2023"]
[Site "Samarkand UZB"]
[Date "2023.12.29"]
[EventDate "2023.12.29"]
[Round "2.36"]
[Result "1/2-1/2"]
[White "Anton Demchenko"]
[Black "Aldiyar Ansat"]
[WhiteElo "2545"]
[BlackElo "2404"]
[PlyCount "148"]

1. e4 c5 2. Nc3 Nc6 3. Bb5 Nd4 4. a4 g6 5. d3 Bg7 6. Nf3 e6 7. a5 Ne7 8.
Bf4 a6 9. Ba4 b5 10. axb6 Qxb6 11. Rb1 O-O 12. O-O d5 13. Re1 Bb7 14. Bg5
f6 15. Bd2 Rfd8 16. exd5 Nxd5 17. Nxd5 Bxd5 18. Nxd4 cxd4 19. c4 dxc3 20.
bxc3 Qc7 21. c4 Bc6 22. Ba5 Qxa5 23. Bxc6 Rac8 24. Rxe6 Kh8 25. g3 f5 26.
Bd5 Rc7 27. Qe2 Rf8 28. Re8 Rc8 29. Rxf8+ Rxf8 30. Rb7 f4 31. Rf7 Qc5 32.
Rxf4 Rxf4 33. gxf4 Qf8 34. Qe3 Qf5 35. Be6 Qf6 36. c5 Bh6 37. c6 Bxf4 38.
Qe4 a5 39. d4 a4 40. Bc4 a3 41. Qd5 Kg7 42. Kg2 Bd6 43. Qe6 Qxd4 44. Qd7+
Kh6 45. Qh3+ Kg7 46. Qd7+ Kh6 47. Qh3+ Kg7 48. Qd7+ Kh6 49. Qh3+ Kg7 50.
Qd7+ Kh6 51. Qh3+ Kg5 52. Qe3+ Qf4 53. Qxf4+ Kxf4 54. h3 Ke4 55. Bg8 h6 56.
f3+ Kd4 57. h4 Kc5 58. Kf2 Kxc6 59. Ke2 Bg3 60. Kd3 Bxh4 61. Kc2 Bg3 62.
Bf7 g5 63. Kb3 Bd6 64. Bh5 Kc5 65. Kxa3 Kd4+ 66. Kb3 Ke3 67. Kc4 Kf4 68.
Kd5 Ba3 69. Ke6 Kg3 70. Kf5 Kh4 71. Kg6 Bc1 72. Bg4 Bd2 73. Kxh6 Bf4 74.
Kg6 Kg3 1/2-1/2

[Event "World Blitz 2023"]
[Site "Samarkand UZB"]
[Date "2023.12.29"]
[EventDate "2023.12.29"]
[Round "2.37"]
[Result "1-0"]
[White "Fabiano Caruana"]
[Black "Bakhrom Bakhrillaev"]
[WhiteElo "2815"]
[BlackElo "1994"]
[PlyCount "56"]

1. c4 Nf6 2. Nc3 g6 3. e4 d6 4. d4 Bg7 5. h3 O-O 6. Be3 e5 7. d5 a5 8. g4
Na6 9. Nge2 c6 10. Ng3 Bd7 11. Be2 Rc8 12. g5 Ne8 13. h4 cxd5 14. Nxd5 Nc5
15. h5 f6 16. Qd2 Be6 17. Rd1 a4 18. f4 exf4 19. Nxf4 Bf7 20. hxg6 hxg6 21.
Bg4 fxg5 22. Nd5 Nf6 23. Bxg5 Bxd5 24. cxd5 Qe8 25. Bxc8 Qxc8 26. Qh2 Qg4
27. Qh4 Qf3 28. Rf1 1-0

[Event "World Blitz 2023"]
[Site "Samarkand UZB"]
[Date "2023.12.29"]
[EventDate "2023.12.29"]
[Round "2.38"]
[Result "1-0"]
[White "Dmitry Andreikin"]
[Black "Sumiya Bilguun"]
[WhiteElo "2741"]
[BlackElo "2407"]
[PlyCount "52"]

1. d4 d5 2. c4 e6 3. Nf3 c6 4. Nbd2 f5 5. Ne5 Nf6 6. Ndf3 Bd6 7. Bf4 O-O 8.
a3 dxc4 9. g3 b5 10. Bg2 Nd5 11. O-O Bb7 12. e4 Nxf4 13. gxf4 Bxe5 14. dxe5
Na6 15. Nd4 Qe8 16. exf5 Rd8 17. f6 gxf6 18. Qg4+ Kh8 19. Nxe6 Rg8 20. Qf5
Rxg2+ 21. Kxg2 Qg8+ 22. Kh1 c5+ 23. f3 Rf8 24. Nxf8 Qxf8 25. Rad1 Bc8 26.
Qxf6+ 1-0

[Event "World Blitz 2023"]
[Site "Samarkand UZB"]
[Date "2023.12.29"]
[EventDate "2023.12.29"]
[Round "2.40"]
[Result "1/2-1/2"]
[White "Benjamin Haldorsen"]
[Black "Evgeny Tomashevsky"]
[WhiteElo "2405"]
[BlackElo "2663"]
[PlyCount "116"]

1. e4 e5 2. Nf3 Nc6 3. d4 exd4 4. Nxd4 Nf6 5. Nxc6 bxc6 6. Nd2 d5 7. exd5
cxd5 8. Bb5+ Bd7 9. Bxd7+ Qxd7 10. O-O Be7 11. b3 O-O 12. Bb2 Ng4 13. h3
Bf6 14. Bxf6 Nxf6 15. Qf3 a5 16. a4 Rfe8 17. Rfe1 h6 18. Qd3 Qd6 19. Nf3
Qb4 20. Re5 Rxe5 21. Nxe5 Re8 22. Nf3 c5 23. Qd2 Qxd2 24. Nxd2 Kf8 25. Kf1
Rb8 26. Rd1 Ke7 27. Ke2 Ke6 28. Kd3 Nd7 29. Kc3 Ne5 30. f4 Nc6 31. Nf3 Rb4
32. g3 Re4 33. Re1 f5 34. Kd2 d4 35. c3 Kd5 36. c4+ Ke6 37. Kd1 Nb4 38. Nd2
Rxe1+ 39. Kxe1 g5 40. Ke2 gxf4 41. gxf4 Nc2 42. Nf3 Ne3 43. Ne5 Ng2 44. Kf3
Ne1+ 45. Ke2 Ng2 46. Kf3 Ne3 47. Nc6 Kd6 48. Nxa5 Kc7 49. b4 cxb4 50. Nb3
Nxc4 51. Nxd4 Nd6 52. Ke3 Kb6 53. Nb3 Nc4+ 54. Kd4 Na5 55. Nd2 Kc6 56. Nc4
Nb3+ 57. Ke5 Kc5 58. Nb2 Na5 1/2-1/2

[Event "World Blitz 2023"]
[Site "Samarkand UZB"]
[Date "2023.12.29"]
[EventDate "2023.12.29"]
[Round "2.41"]
[Result "0-1"]
[White "Iturrizaga Bonelli, Eduardo"]
[Black "Zhandos Agmanov"]
[WhiteElo "2645"]
[BlackElo "2407"]
[PlyCount "258"]

1. c4 e6 2. Nf3 d5 3. e3 Nf6 4. Nc3 c5 5. cxd5 exd5 6. d4 Nc6 7. Bb5 cxd4
8. Nxd4 Bd7 9. O-O Bd6 10. Nf3 Be6 11. b3 O-O 12. Bb2 Rc8 13. Be2 Qe7 14.
Rc1 Rfd8 15. Nb5 Bb8 16. Nbd4 Bd7 17. a3 Ne4 18. b4 Nxd4 19. Nxd4 Qe5 20.
f4 Qe8 21. Qd3 Nd6 22. Rce1 Nc4 23. Bc1 Qe4 24. Qb3 Qg6 25. Bd3 Qf6 26. Kh1
h6 27. Bb1 Re8 28. Rf3 Qxd4 29. Qc2 Qe4 30. Qb3 Qe7 31. h3 f5 32. Qd3 Qf7
33. Rd1 Be6 34. Rg3 a6 35. Qd4 b5 36. Bd3 Ba7 37. Qa1 d4 38. e4 fxe4 39.
Bxe4 Bf5 40. Bf3 Ne3 41. Rg1 Nc2 42. Qb2 d3 43. Bh5 g6 44. Rd1 Bd4 45. Qb1
Bf6 46. Bxg6 Bxg6 47. f5 Bg7 48. fxg6 Qc4 49. Rgxd3 Rc6 50. R3d2 Ne3 51.
Re1 Rce6 52. Rd7 Qe4 53. Qxe4 Rxe4 54. Bxe3 Rxe3 55. Red1 Re1+ 56. Rxe1
Rxe1+ 57. Kh2 Re6 58. Kg3 Rxg6+ 59. Kf3 Rf6+ 60. Ke3 Bf8 61. Ra7 Rg6 62. g4
Rc6 63. Kd4 Rd6+ 64. Ke5 Rd3 65. Rxa6 Rxh3 66. Ra5 Re3+ 67. Kf5 Rf3+ 68.
Ke4 Rg3 69. Kf5 Rf3+ 70. Ke4 Rc3 71. Kf5 Be7 72. Kg6 Rc6+ 73. Kf5 Rb6 74.
Ra8+ Kf7 75. Rh8 Kg7 76. Ra8 Rf6+ 77. Ke4 Re6+ 78. Kf5 Rf6+ 79. Ke4 Rb6 80.
Kf5 Kf7 81. Rh8 Ra6 82. Rh7+ Ke8 83. Ke5 Kd7 84. Kd5 Rg6 85. Ke5 Ra6 86.
Kd5 Rxa3 87. Rxh6 Rd3+ 88. Ke5 Rb3 89. Rb6 Rxb4 90. Rb7+ Kd8 91. Ke6 Bc5
92. Kd5 Bf8 93. Kc6 Rxg4 94. Rxb5 Rg6+ 95. Kd5 Rd6+ 96. Ke5 Ra6 97. Rb8+
Ke7 98. Rb7+ Ke8 99. Rb8+ Kf7 100. Rb7+ Be7 101. Rb5 Rh6 102. Kd5 Rh5+ 103.
Kc4 Rh1 104. Kd5 Kf6 105. Rb3 Rd1+ 106. Ke4 Ke6 107. Rh3 Ra1 108. Rh6+ Bf6
109. Rh7 Ra4+ 110. Kd3 Be5 111. Rb7 Bd6 112. Rb5 Rh4 113. Ke3 Be5 114. Kd3
Kf5 115. Rb7 Rd4+ 116. Ke3 Rc4 117. Rb3 Rc8 118. Kd3 Kf4 119. Rb4+ Kf3 120.
Rc4 Rd8+ 121. Kc2 Ke3 122. Rc6 Rb8 123. Rc5 Bd4 124. Rc7 Rb2+ 125. Kc1 Rh2
126. Kb1 Kd3 127. Rf7 Rb2+ 128. Kc1 Rb8 129. Rd7 Rc8+ 0-1

[Event "World Blitz 2023"]
[Site "Samarkand UZB"]
[Date "2023.12.29"]
[EventDate "2023.12.29"]
[Round "2.42"]
[Result "0-1"]
[White "Aleksey Grebnev"]
[Black "Vahap Sanal"]
[WhiteElo "2404"]
[BlackElo "2637"]
[PlyCount "102"]

1. d4 d6 2. Nf3 Nf6 3. c4 g6 4. Nc3 Bg7 5. e4 O-O 6. Bd3 Bg4 7. Be2 Bxf3 8.
Bxf3 e5 9. d5 a5 10. Be3 Nbd7 11. Be2 Nc5 12. Qc2 Kh8 13. g4 Ng8 14. h4 Qd7
15. O-O-O f5 16. gxf5 gxf5 17. Kb1 Nxe4 18. Nxe4 fxe4 19. Qd2 Ne7 20. Rdg1
Nf5 21. Bg4 b5 22. c5 dxc5 23. Bxc5 Rf7 24. Re1 Rd8 25. Rd1 b4 26. h5 Qb5
27. Bxf5 Qxc5 28. h6 Bf8 29. Be6 Rxf2 30. Qc1 e3 31. Rhe1 e2 32. Rd3 Qxc1+
33. Kxc1 b3 34. Rxb3 Bb4 35. Rxb4 axb4 36. Kc2 Rh2 37. Kb3 Rf8 38. Rg1 Rxh6
39. Re1 Rh2 40. Kc2 Rf1 41. Kd2 Rxe1 42. Kxe1 h5 43. Bd7 Kg7 44. a4 bxa3
45. bxa3 Kf6 46. a4 Ke7 47. Bc6 Kd6 48. Bb7 h4 49. a5 h3 50. a6 Rh1+ 51.
Kxe2 h2 0-1

[Event "World Blitz 2023"]
[Site "Samarkand UZB"]
[Date "2023.12.29"]
[EventDate "2023.12.29"]
[Round "2.43"]
[Result "1-0"]
[White "Ortik Nigmatov"]
[Black "Giga Quparadze"]
[WhiteElo "2382"]
[BlackElo "2617"]
[PlyCount "96"]

1. e4 c5 2. Nf3 e6 3. d4 cxd4 4. Nxd4 Nc6 5. Bf4 d6 6. Nxc6 bxc6 7. c4 e5
8. Be3 Nf6 9. Nc3 Be7 10. Be2 O-O 11. O-O Be6 12. b4 d5 13. exd5 cxd5 14.
cxd5 Nxd5 15. Nxd5 Bxd5 16. b5 Qd6 17. Bf3 e4 18. Be2 Rfd8 19. a4 Qg6 20.
Bh5 Qf6 21. Qd4 Qh4 22. Be2 Bf6 23. Qb4 Bxa1 24. Rxa1 Qf6 25. Bd4 Qg6 26.
Be3 Be6 27. a5 Bd5 28. a6 h5 29. h3 h4 30. Rc1 Be6 31. Rc5 Rd5 32. Rxd5
Bxd5 33. Qc5 Qe6 34. Qc7 Qf6 35. Bxa7 Qa1+ 36. Kh2 Qb2 37. Bf1 Qa1 38. Kg1
Be6 39. Bb8 Kh7 40. a7 Qe1 41. b6 e3 42. Qc2+ g6 43. fxe3 Qxe3+ 44. Qf2 Qe4
45. Bf4 Kg8 46. Qxh4 Rc8 47. Qf6 Rc5 48. Bh6 1-0

[Event "World Blitz 2023"]
[Site "Samarkand UZB"]
[Date "2023.12.29"]
[EventDate "2023.12.29"]
[Round "2.44"]
[Result "0-1"]
[White "Cem Kaan Gokerkan"]
[Black "Andrey Esipenko"]
[WhiteElo "2365"]
[BlackElo "2615"]
[PlyCount "32"]

1. e4 e5 2. Nf3 Nc6 3. Bc4 Nf6 4. Ng5 d5 5. exd5 Na5 6. Bb5+ Bd7 7. Qe2 Be7
8. Nc3 Bxb5 9. Qxb5+ c6 10. dxc6 Nxc6 11. Qe2 Nd4 12. Qd1 Rc8 13. O-O b5
14. a3 a5 15. Nge4 b4 16. axb4 axb4 0-1

[Event "World Blitz 2023"]
[Site "Samarkand UZB"]
[Date "2023.12.29"]
[EventDate "2023.12.29"]
[Round "2.45"]
[Result "1-0"]
[White "Kirill Shevchenko"]
[Black "Raymond Song"]
[WhiteElo "2603"]
[BlackElo "2383"]
[PlyCount "78"]

1. e4 c5 2. c3 Nf6 3. e5 Nd5 4. Bc4 Nb6 5. Bb3 c4 6. Bc2 d6 7. exd6 Qxd6 8.
Na3 Nc6 9. Nf3 Qe6+ 10. Qe2 Qxe2+ 11. Kxe2 Bg4 12. b3 Ne5 13. bxc4 Nbxc4
14. Be4 O-O-O 15. Nxc4 Nxc4 16. h3 Bh5 17. Rb1 Nd6 18. Bc2 Bg6 19. Bxg6
hxg6 20. Ne5 Rh5 21. d4 g5 22. Ba3 f6 23. Bxd6 exd6 24. Nc4 Rh4 25. Ne3 Re4
26. Rb5 g6 27. Rhb1 Rd7 28. Kd3 f5 29. Nd5 Bg7 30. a4 g4 31. hxg4 Rxg4 32.
Re1 Kd8 33. g3 Rg5 34. Re6 Rg4 35. Nf4 g5 36. Ne2 f4 37. f3 Rxg3 38. Nxg3
fxg3 39. Rxg5 1-0

[Event "World Blitz 2023"]
[Site "Samarkand UZB"]
[Date "2023.12.29"]
[EventDate "2023.12.29"]
[Round "2.46"]
[Result "0-1"]
[White "Giovanni Vescovi"]
[Black "Artem Pingin"]
[WhiteElo "2593"]
[BlackElo "2358"]
[PlyCount "48"]

1. d4 Nf6 2. Nf3 d5 3. c4 dxc4 4. e3 e6 5. Bxc4 c5 6. O-O a6 7. Bd3 Nbd7 8.
e4 cxd4 9. e5 Nd5 10. a3 Nc5 11. Bc4 b5 12. Bg5 Qd7 13. Ba2 h6 14. Bh4 Bb7
15. Qxd4 Be7 16. Rc1 Na4 17. Nbd2 Bxh4 18. Qxh4 O-O 19. Ne4 Ne7 20. Rd1 Bd5
21. Bxd5 Nxd5 22. Nf6+ gxf6 23. Qxh6 fxe5 24. Qg5+ 0-1

[Event "World Blitz 2023"]
[Site "Samarkand UZB"]
[Date "2023.12.29"]
[EventDate "2023.12.29"]
[Round "2.47"]
[Result "1-0"]
[White "Alan Pichot"]
[Black "Akmal Fayzullaev"]
[WhiteElo "2592"]
[BlackElo "2342"]
[PlyCount "78"]

1. e4 c6 2. d4 d5 3. e5 c5 4. Nf3 Nc6 5. dxc5 Bg4 6. c3 e6 7. Be3 a6 8.
Nbd2 Nxe5 9. Qa4+ Qd7 10. Qxd7+ Nxd7 11. b4 Be7 12. h3 Bh5 13. Be2 Bf6 14.
Rc1 Ne7 15. g4 Bg6 16. Nb3 Nc6 17. O-O O-O 18. Nfd4 Ndb8 19. f4 h6 20. f5
exf5 21. gxf5 Bh7 22. Bf3 Re8 23. Rfe1 Nxd4 24. Bxd4 Bxd4+ 25. Nxd4 Nc6 26.
Bxd5 Nxd4 27. cxd4 Rab8 28. Bxb7 Bxf5 29. Rxe8+ Rxe8 30. c6 Rd8 31. c7 Rxd4
32. c8=Q+ Bxc8 33. Rxc8+ Kh7 34. a3 f5 35. Bxa6 Rd1+ 36. Kf2 Rd2+ 37. Be2
Ra2 38. Rc3 g5 39. Rb3 1-0

[Event "World Blitz 2023"]
[Site "Samarkand UZB"]
[Date "2023.12.29"]
[EventDate "2023.12.29"]
[Round "2.48"]
[Result "0-1"]
[White "Kacper Piorun"]
[Black "Gianmarco Leiva"]
[WhiteElo "2589"]
[BlackElo "2338"]
[PlyCount "86"]

1. d4 Nf6 2. Nf3 e6 3. e3 c5 4. Bd3 b6 5. c4 Bb7 6. O-O g6 7. Nc3 Bg7 8.
dxc5 bxc5 9. e4 O-O 10. h3 d6 11. Re1 Nc6 12. Bf1 Qe7 13. a3 Rfd8 14. Rb1
h6 15. b4 Nd7 16. Bd2 Nde5 17. b5 Nxf3+ 18. Qxf3 Nd4 19. Qg3 Kh7 20. a4 a6
21. f4 Bf6 22. Qd3 axb5 23. cxb5 Qc7 24. Rec1 d5 25. e5 Be7 26. Be3 Nb3 27.
Rxb3 c4 28. Qb1 Qa5 29. Rb2 d4 30. Bxd4 Rxd4 31. Rbc2 Rxf4 32. Ne2 Qb6+ 33.
Kh2 Rf2 34. Ng3 Rxa4 35. Rxc4 Raa2 36. R4c2 Qe3 37. Rxa2 Rf4 38. Re1 Qc5
39. Rc2 Qd5 40. Qd1 Rd4 41. Qe2 Bh4 42. Rc3 Rd2 43. Qe4 0-1

[Event "World Blitz 2023"]
[Site "Samarkand UZB"]
[Date "2023.12.29"]
[EventDate "2023.12.29"]
[Round "2.49"]
[Result "1-0"]
[White "Klementy Sychev"]
[Black "Saidakbar Saydaliev"]
[WhiteElo "2583"]
[BlackElo "2323"]
[PlyCount "154"]

1. e4 e5 2. Nf3 Nc6 3. d4 exd4 4. Nxd4 Nf6 5. Nxc6 bxc6 6. e5 Qe7 7. Qe2
Nd5 8. g3 f6 9. c4 Ba6 10. exf6 Nxf6 11. Nc3 Qxe2+ 12. Bxe2 Bb4 13. Bd2 O-O
14. O-O d5 15. a3 Bxc3 16. Bxc3 Ne4 17. Ba5 Rf7 18. Rae1 Rb8 19. cxd5 Bxe2
20. Rxe2 cxd5 21. Rc2 c5 22. f3 Rbf8 23. Kg2 c4 24. Bb4 Nf6 25. Bxf8 Rxf8
26. Rd1 Rb8 27. Rdd2 h5 28. Kf2 a5 29. Ke3 Kf7 30. Kd4 Ke6 31. Re2+ Kd6 32.
Re3 Nd7 33. Rce2 Nc5 34. Re5 Nb3+ 35. Kc3 Kc6 36. Rxh5 Rf8 37. f4 a4 38.
Rg5 Rf7 39. h4 Nc5 40. Rg6+ Kb5 41. Re8 Rd7 42. Rb8+ Ka5 43. Ra8+ Kb5 44.
Rb8+ Ka5 45. h5 Nb3 46. Ra8+ Kb5 47. Rb8+ Kc5 48. Rc8+ Kb5 49. Rg5 Kb6 50.
Re8 d4+ 51. Kxc4 d3 52. Re1 d2 53. Rd1 Re7 54. Kc3 Re1 55. Kc2 Re2 56. Rxg7
Kc5 57. h6 Kc4 58. Rc7+ Kd4 59. h7 Rh2 60. Rd7+ Kc4 61. Rc7+ Kd5 62. Kc3
Rh3 63. Kb4 Kd4 64. Kxa4 Nc5+ 65. Rxc5 Kxc5 66. Rxd2 Rxh7 67. Kb3 Rh3 68.
Rd3 Rh1 69. Rc3+ Kd4 70. a4 Ra1 71. Kb4 Ra2 72. b3 Rg2 73. a5 Ra2 74. Rc8
Kd5 75. Kb5 Ra3 76. b4 Rxg3 77. a6 1-0